000 01959nam a2200385 c 4500
003 BLK
005 20180420223628.0
008 180408b bul|||||r ||||||| ||bul||
010 _aKNG00073091000
020 _a954-685-505-3
_bиздат.: СофтПрес
040 _aBLK
041 _aBUL
_cBUL
080 _aТуризмът от стопанско гледище. Политика по отношение на туризма. Икономика и организация на туризма. Вътрешен и международен туризъм. Вж и 379.8
_b338.48
_x(035)
_z338.48(035)
080 _aМетоди на управление. Мениджмънт. Анализи, планиране, ръководство, сътрудничество, контрол, коопериране и др.
_b005.5
_x(035)
_z005.5(035)
100 1 _aКуркина, К. А.
_eпърви автор
_985810
700 1 _aКузева, Цветанка
_eпрев. от рус.
_9293242
700 1 _aЗагорчинова, Яна
_eпрев. от рус.
_968802
139 _aКуркина, К. А.
_bК 94
245 1 0 _aХотелиерският бизнес
_cК. А. Куркина; прев. от рус. Цветанка Кузева; прев. от рус. Яна Загорчинова.
257 _aRUS
260 София
_bСофтПрес
_c2007
300 _a240 с.
_c21 см
380 _a3
500 _aОриг. загл. Гостиничнный бизнес. Как достичь безупречного сервиса / К. А. Куркина. - Офс. изд.
590 _aф
650 4 _aХотелиерство - икономика и организация
_9263149
653 _aхотелиерство
653 _aикономика
653 _aуправление
852 _aЦб 232473
856 4 _qpdf
_u
856 4 _qpdf
_u
942 _cKNG
_n0
_02
944 _aCR
_c19.03.2007
_kКети_Илиева
944 _aED
_c22.11.2012
_k
999 _c68762
_d68762